000 00896cab a2200241 4500
001 E84233
008 090401t1996 xxu||||| |||| 00| 0 eng d
035 _a(Sirsi) u78624
041 _aeng
245 _aCrofters Commission v Mackay
260 _c1996
350 _a0
490 _aScottish Land Court Reports
_v1996 SLCR 72-79(8)
520 _aFull Court. Application Inverness RN 169 - order of 16 May 1996. Croft - purported partial renunciation of tenancy by crofter - competency - reference by Crofters Commission to Scottish Land Court - Section 53(1) of the Crofters (Scotland) Act 1993.
650 _aCROFTERS (SCOTLAND) ACT 1993
650 _aCROFTERS (SCOTLAND) ACT 1993, S.53(1)
650 _aCROFTERS COMMISSION
650 _aSCOTTISH LAND COURT
650 _aSLC
690 _aLANDLORD AND TENANT-CASE LAW-AGRICULTURAL TENANCIES
942 _n0
948 _c29/05/1997
999 _c49446
_d49446